| 000 | 00758nam a22001337a 4500 | ||
|---|---|---|---|
| 040 | _cRUA | ||
| 082 | _aAVM TET 2013 B109 Or.1 | ||
| 100 | _aTETH, PUM. | ||
| 245 | _aEffect of livamisol and intermectin on parasites in gastro-intestinal tract of cattle in kompong tralach district kampong chhnang province, ប្រសិទ្ធភាពនៃ LIVAMISOLE និង INTERMECTIN លើបរាសិតខាងក្នុងក្រពះពោះវៀនគោ នៅស្រុកកំពង់ត្រលាច ខេត្តកំពង់ឆ្នាំង | ||
| 260 |
_aPhnom Penh _bRUA _c2013 |
||
| 300 |
_axi; 54p. _bill. _c29cm. |
||
| 856 | _uhttps://drive.google.com/file/d/1mwkPNi4ruT9dlcEwIbJP0zmif_ySa56q/view?usp=sharing | ||
| 942 | _cAVM | ||
| 999 |
_c2671 _d2671 |
||